00492nam a22001577a 450000500170000001000150001702000260003203500140005803700130007210000200008524500570010526000300016227000670019230000250025950000500028420191017152751.0 aENG-126687 a9789388028974c525.00 aEN-110219 bDBAD/PUB aGhosh, Nilotpal aLivestock production management /cby Nilotpal Ghosh aDelhibPHI Learningc2019 aRimjhim House,111, Patparganj Industrial EstatebDelhie110092 axiv;391p.c23cm(pbk) aIncludes bibliographical references and index